| 000 | 01895cam a22004097i 4500 | ||
|---|---|---|---|
| 001 | 17447780 | ||
| 003 | OSt | ||
| 005 | 20230925111336.0 | ||
| 008 | 120830s2014 maua 001 0 eng d | ||
| 010 | _a 2012948316 | ||
| 020 | _a9781133959700 | ||
| 020 | _a9781133963028 (hbk. : student edition) | ||
| 020 | _a1133963021 (hbk. : student edition) | ||
| 035 | _a(OCoLC)ocn800032275 | ||
| 040 |
_aBTCTA _beng _cBTCTA _erda _dZQP _dNOS _dOCLCF _dOCLCO _dYDXCP _dDLC |
||
| 042 | _alccopycat | ||
| 050 | 0 | 0 |
_aQA154.3 _b.L3465 2014 |
| 082 |
_a512.9 _bLAR/C |
||
| 100 | 1 |
_aLarson, Ron, _d1941- _eauthor. _99574 |
|
| 245 | 1 | 0 |
_aCollege algebra / _cRon Larson, The Pennsylvania State University, The Behrend College ; with the assistance of David C. Falvo, The Pennsylvania State University, The Behrend College. |
| 250 | _aNinth edition. | ||
| 264 | 1 |
_aBoston, MA : _bBrooks/Cole, Cengage Learning, _c[2014] |
|
| 300 |
_axiii, 644, 89 pages : color illustrations ; _c29 cm |
||
| 336 |
_atext _btxt _2rdacontent |
||
| 337 |
_aunmediated _bn _2rdamedia |
||
| 338 |
_avolume _bnc _2rdacarrier |
||
| 500 | _a"Student edition." | ||
| 505 | 0 | _aPrerequisites -- Equations, inequalities, and mathematical modeling -- Functions and their graphs -- Polynomial functions -- Rational functions and conics -- Exponential and logarithmic functions -- Systems of equations and inequalities -- Matrices and determinants -- Sequences, series, and probability -- Appendices. | |
| 650 | 0 |
_aAlgebra _vTextbooks. |
|
| 650 | 7 |
_aAlgebra. _2fast _0(OCoLC)fst00804885 |
|
| 655 | 7 |
_aTextbooks. _2fast _0(OCoLC)fst01423863 |
|
| 700 | 1 |
_aFalvo, David C., _econtributor. |
|
| 906 |
_a7 _bcbc _ccopycat _d2 _eepcn _f20 _gy-gencatlg |
||
| 942 |
_2ddc _cBK _h512.9 _iLAR/C _k512.9 _mLAR/C |
||
| 999 |
_c42298 _d42298 |
||